00534nam a2200169Ia 4500100002200000650002500022250000600047942000700053366000700060245004700067260003400114082001700148300000800165546002400173999001700197952015000214 aSingh/Ajay Kumar  aDevices and circuits a2 cBK f25 aElectronic devices and Integrated Circuits bPrentice -Hall of Indiac2011 a621.381bSIN a594 aENGLISHcPAMPHALETS c35135d35135 001040708CRCaCRCEbCRCEd2023-03-17eAllied Publishersg371.25i3536 dt 21/03/2012l0o621.381 SINp22003r2023-03-17v495.00w0000-00-00yBK